00447nam a2200145Ia 4500008004100000040001100041050001100052245007100063260003500134300001900169504004800188650001700236700003300253999001500286 1967 a gf| a aengdc aABU,Za aQR 180 0aAdvances in immunology /cedited by F.J. Dixon and Henry G. Kunkel aNew YorkbAcademic Pressc1967 axiii,349p.:ill aInclude bibliographical reference and index amicrobiology aKunkel, Henry G.;Dixon, F.J. c7593d7593